A guide to philips

Gespeichert in:
Bibliographische Detailangaben
Format: Buch
Sprache:Undetermined
Veröffentlicht: Netherlands N.V. Philips' Gloeilampenfabrieken 1976
Schlagworte:
Tags: Tag hinzufügen
Keine Tags, Fügen Sie den ersten Tag hinzu!
Thư viện lưu trữ: Trung tâm Học liệu Trường Đại học Cần Thơ
LEADER 00430nam a2200157Ia 4500
001 CTU_86729
008 210402s9999 xx 000 0 und d
082 |a 629.8 
082 |b G946 
245 2 |a A guide to philips 
260 |a Netherlands 
260 |b N.V. Philips' Gloeilampenfabrieken 
260 |c 1976 
650 |a Automatic control engineering 
904 |i Năm 
980 |a Trung tâm Học liệu Trường Đại học Cần Thơ